[Event "Prague Summer op-B 8th"]
[Site "Prague"]
[Date "2021.08.08"]
[Round "3"]
[White "Dreher, David"]
[Black "Kubik, Jaroslav"]
[Result "1-0"]
[WhiteElo "1888"]
[BlackElo "1645"]
[PlyCount "63"]
[EventDate "2021.08.06"]
[EventType "swiss"]
[EventRounds "9"]
[EventCountry "CZE"]
[SourceTitle "EXT 2022"]
[Source "ChessBase"]
[SourceDate "2021.10.06"]
[SourceVersion "1"]
[SourceVersionDate "2021.10.06"]
[SourceQuality "1"]

1. d4 Nf6 2. Bf4 d6 3. Nc3 g6 4. e4 Bg7 5. Qd2 c6 6. Bh6 0-0 7. Bxg7 Kxg7 8. Nf3 Qa5 9. Be2 Nbd7 10. h4 h5 11. Ng5 b5 12. f4 b4 13. Nd1 e5 14. f5 exd4 15. fxg6 Ne5 16. gxf7 c5 17. 0-0 Qd8 18. Nf2 Nxf7 19. Nfh3 Bxh3 20. gxh3 Qe7 21. Bd3 Qe5 22. Qg2 Kh8 23. Rf5 Qe7 24. Raf1 Nh6 25. Rxf6 Rxf6 26. Rxf6 Qxf6 27. e5 Qf8 28. Qb7 Qg8 29. Bc4 Rb8 30. Qxa7 Ra8 31. Qb7 Qxc4 32. Qh7# 1-0

[Event "Prague Summer op-B 8th"]
[Site "Prague"]
[Date "2021.08.07"]
[Round "2"]
[White "Marinc, Damir"]
[Black "Kubik, Jaroslav"]
[Result "1/2-1/2"]
[WhiteElo "1887"]
[BlackElo "1645"]
[PlyCount "108"]
[EventDate "2021.08.06"]
[EventType "swiss"]
[EventRounds "9"]
[EventCountry "CZE"]
[SourceTitle "EXT 2022"]
[Source "ChessBase"]
[SourceDate "2021.10.06"]
[SourceVersion "1"]
[SourceVersionDate "2021.10.06"]
[SourceQuality "1"]

1. d4 Nf6 2. c4 e6 3. Nc3 Bb4 4. Nf3 Bxc3+ 5. bxc3 Ne4 6. Qc2 f5 7. e3 c5 8. Bd3 Nf6 9. a4 Nc6 10. 0-0 0-0 11. dxc5 Qc7 12. Rd1 Ne5 13. Nd4 a6 14. f3 Nxd3 15. Qxd3 Rf7 16. Nb3 Qe5 17. Qd4 Qc7 18. Qd6 Ne8 19. Qxc7 Nxc7 20. Rd6 Ne8 21. Rb6 e5 22. Rb1 Rf6 23. Rxf6 gxf6 24. Ba3 Kf7 25. Na5 Ra7 26. Rb6 Nc7 27. Kf2 Ne6 28. Ke2 Nd8 29. g4 fxg4 30. fxg4 Nc6 31. Nb3 a5 32. h3 Ra6 33. Rb5 Na7 34. Rb6 Nc6 35. Kd3 Ke6 36. Ke4 Rxb6 37. cxb6 d6 38. Bc1 Bd7 39. Bd2 Be8 40. Kf3 Bg6 41. e4 Bf7 42. Ke3 h5 43. Kd3 hxg4 44. hxg4 Bg6 45. Be3 Bh7 46. Nd2 Bg6 47. Nb3 Be8 48. Bc1 Bd7 49. g5 fxg5 50. Bxg5 Be8 51. c5 d5 52. exd5+ Kxd5 53. c4+ Ke6 54. Bd2 Bg6+ 1/2-1/2

[Event "Prague Summer op 2nd"]
[Site "Prague"]
[Date "2015.08.14"]
[Round "9"]
[White "Zacek, Petr"]
[Black "Kubik, Jaroslav"]
[Result "1-0"]
[WhiteElo "2023"]
[BlackElo "1924"]
[PlyCount "53"]
[EventDate "2015.08.07"]
[EventType "swiss"]
[EventRounds "9"]
[EventCountry "CZE"]
[SourceTitle "CBM 167 Extra"]
[Source "ChessBase"]
[SourceDate "2015.09.14"]
[SourceVersion "1"]
[SourceVersionDate "2015.09.14"]
[SourceQuality "1"]

1. d4 Nf6 2. Nf3 e6 3. Bf4 Be7 4. e3 d6 5. Bd3 Nbd7 6. 0-0 b6 7. Nbd2 Nd5 8. Bg3 Bb7 9. a3 f5 10. e4 f4 11. exd5 fxg3 12. dxe6 gxh2+ 13. Nxh2 Nf6 14. c4 0-0 15. b4 Qe8 16. b5 d5 17. a4 dxc4 18. Nxc4 Rd8 19. Ne5 Rd6 20. Rc1 Bd8 21. Bf5 Bd5 22. Nf7 Rxf7 23. exf7+ Qxf7 24. Re1 g6 25. Bh3 Ne4 26. Ng4 h5 27. Nh6+ 1-0

[Event "Ricany op"]
[Site "Ricany"]
[Date "2009.08.28"]
[Round "8"]
[White "Kubik, Jaroslav"]
[Black "Skacel, Jan"]
[Result "1/2-1/2"]
[WhiteElo "1975"]
[BlackElo "2070"]
[PlyCount "123"]
[EventDate "2009.08.22"]
[EventType "swiss"]
[EventRounds "9"]
[EventCountry "CZE"]
[SourceTitle "CBM 131 Extra"]
[Source "ChessBase"]
[SourceDate "2009.09.03"]
[SourceVersion "2"]
[SourceVersionDate "2009.09.16"]
[SourceQuality "1"]

1. c4 c5 2. Nc3 g6 3. Nf3 Bg7 4. e4 Nc6 5. d3 d6 6. h3 Nf6 7. Be3 0-0 8. Be2 Ne8 9. Qd2 Nc7 10. 0-0 Ne6 11. Bh6 a6 12. Bxg7 Kxg7 13. Nd5 Ned4 14. Nxd4 Nxd4 15. f4 e6 16. Ne3 b5 17. b3 b4 18. Nc2 Qf6 19. Bf3 Nxc2 20. Qxc2 Qxf4 21. e5 Ra7 22. exd6 Qxd6 23. Qb2+ e5 24. Bd5 Bb7 25. Bxb7 Rxb7 26. Rfe1 f6 27. Rad1 Rd8 28. Re4 Qc6 29. Qe2 Rbd7 30. Re3 Rd4 31. Rf1 R8d6 32. g4 Qd7 33. g5 Rxd3 34. gxf6+ Kf7 35. Rxe5 Rxf6 36. Rxf6+ Kxf6 37. Re6+ Qxe6 38. Qxd3 Qe5 39. Qd8+ Kf5 40. Qd7+ Kf4 41. Qxh7 Qa1+ 42. Kg2 Qxa2+ 43. Kf1 Qb1+ 44. Ke2 Qc2+ 45. Ke1 Qc3+ 46. Kf1 Qd3+ 47. Ke1 Kf3 48. Qf7+ Qf5 49. Qd5+ Kg3 50. Qd6+ Kxh3 51. Qxa6 Qb1+ 52. Ke2 Qc2+ 53. Ke1 Qxb3 54. Qc8+ Kg3 55. Qxc5 Qc3+ 56. Ke2 Qc2+ 57. Ke1 b3 58. Qg5+ Kf3 59. Qf6+ Ke3 60. Qe5+ Qe4 61. Qc3+ Kf4+ 62. Kd2 1/2-1/2

[Event "Ricany op"]
[Site "Ricany"]
[Date "2009.08.27"]
[Round "7"]
[White "Postupa, Pavel"]
[Black "Kubik, Jaroslav"]
[Result "1/2-1/2"]
[WhiteElo "2081"]
[BlackElo "1975"]
[PlyCount "78"]
[EventDate "2009.08.22"]
[EventType "swiss"]
[EventRounds "9"]
[EventCountry "CZE"]
[SourceTitle "CBM 131 Extra"]
[Source "ChessBase"]
[SourceDate "2009.09.03"]
[SourceVersion "2"]
[SourceVersionDate "2009.09.16"]
[SourceQuality "1"]

1. e4 d6 2. d4 Nf6 3. Nc3 g6 4. Bg5 Bg7 5. Nf3 0-0 6. Qd2 c6 7. a4 Qa5 8. Bh6 b5 9. Bxg7 Kxg7 10. Bd3 Bg4 11. 0-0 Bxf3 12. gxf3 b4 13. Na2 Qh5 14. Kg2 a5 15. Qf4 Nbd7 16. Qg3 e5 17. dxe5 dxe5 18. Qh3 Qxh3+ 19. Kxh3 Nh5 20. Rad1 Nf4+ 21. Kg3 Nc5 22. b3 Ncxd3 23. Rxd3 Nxd3 24. cxd3 Rfd8 25. Rd1 c5 26. Nc1 Rac8 27. Re1 g5 28. Re2 Kg6 29. Rc2 h5 30. h3 h4+ 31. Kg2 f5 32. Rc4 Rd4 33. Rc2 Kf6 34. Rd2 f4 35. Rc2 Ke6 36. Kf1 Kd6 37. Ke2 Kc6 38. Rc4 Rxc4 39. dxc4 Rd8 1/2-1/2

[Event "Ricany op"]
[Site "Ricany"]
[Date "2009.08.26"]
[Round "6"]
[White "Drabek, Vojtech"]
[Black "Kubik, Jaroslav"]
[Result "1-0"]
[WhiteElo "2156"]
[BlackElo "1975"]
[PlyCount "87"]
[EventDate "2009.08.22"]
[EventType "swiss"]
[EventRounds "9"]
[EventCountry "CZE"]
[SourceTitle "CBM 131 Extra"]
[Source "ChessBase"]
[SourceDate "2009.09.03"]
[SourceVersion "2"]
[SourceVersionDate "2009.09.16"]
[SourceQuality "1"]

1. Nf3 Nf6 2. g3 d6 3. d4 g6 4. Bg2 Bg7 5. c4 Nbd7 6. Nc3 0-0 7. 0-0 e5 8. b3 exd4 9. Nxd4 Re8 10. Bb2 Ne5 11. Qd2 h5 12. Nd5 Nfg4 13. h3 Nf6 14. f4 Ned7 15. Nb5 Nxd5 16. Bxg7 Kxg7 17. cxd5 Nc5 18. b4 a6 19. bxc5 axb5 20. cxd6 Qxd6 21. e4 Qc5+ 22. Kh2 Ra4 23. f5 Qd4 24. Qxd4+ Rxd4 25. f6+ Kh6 26. Rac1 Rc4 27. Rxc4 bxc4 28. Rc1 b5 29. a4 Bd7 30. axb5 Bxb5 31. g4 hxg4 32. hxg4 Kg5 33. Kg3 Kxf6 34. Kf4 g5+ 35. Ke3 Ra8 36. Kd4 Ra3 37. e5+ Ke7 38. Be4 Rg3 39. Kc5 Rb3 40. d6+ cxd6+ 41. exd6+ Ke8 42. Bc6+ Bxc6 43. Kxc6 Kd8 44. Rh1 1-0

[Event "Ricany op"]
[Site "Ricany"]
[Date "2009.08.22"]
[Round "1"]
[White "Mejzlik, Ondrej"]
[Black "Kubik, Jaroslav"]
[Result "1-0"]
[WhiteElo "2206"]
[BlackElo "1975"]
[PlyCount "55"]
[EventDate "2009.08.22"]
[EventType "swiss"]
[EventRounds "9"]
[EventCountry "CZE"]
[SourceTitle "CBM 131 Extra"]
[Source "ChessBase"]
[SourceDate "2009.09.03"]
[SourceVersion "2"]
[SourceVersionDate "2009.09.16"]
[SourceQuality "1"]

1. c4 e5 2. Nc3 Nc6 3. g3 d6 4. Bg2 g6 5. d3 Bg7 6. e4 Nge7 7. Nge2 h5 8. Bg5 f6 9. Be3 h4 10. 0-0 hxg3 11. fxg3 Bg4 12. Nd5 Nxd5 13. cxd5 Nd4 14. Bxd4 exd4 15. Qc2 Bh6 16. Nf4 Kf7 17. Qc4 Qe7 18. Qxd4 Bg7 19. Qc4 Rac8 20. Rae1 g5 21. e5 b5 22. e6+ Kg8 23. Ng6 Qe8 24. Qxg4 Qxg6 25. e7 f5 26. Rxf5 Re8 27. Rxg5 Qf6 28. Re6 1-0

[Event "SVK-ch op-B"]
[Site "Zvolen"]
[Date "2008.07.09"]
[Round "5"]
[White "Kubik, Jaroslav"]
[Black "Gono, Michal"]
[Result "1/2-1/2"]
[WhiteElo "1976"]
[BlackElo "1848"]
[PlyCount "73"]
[EventDate "2008.07.06"]
[EventType "swiss"]
[EventRounds "9"]
[EventCountry "SVK"]
[SourceTitle "EXT 2009"]
[Source "ChessBase"]
[SourceDate "2008.11.26"]
[SourceVersion "1"]
[SourceVersionDate "2008.11.26"]
[SourceQuality "1"]

1. c4 c6 2. Nc3 d5 3. cxd5 cxd5 4. Nf3 Nc6 5. d4 Nf6 6. e3 a6 7. Be2 Bf5 8. 0-0 e6 9. Nh4 Bg6 10. a3 Bd6 11. f4 Ne4 12. Nxe4 Bxe4 13. Nf3 Bxf3 14. Rxf3 f5 15. Bd2 g5 16. fxg5 Qxg5 17. e4 Qh4 18. e5 Qxd4+ 19. Kh1 Bxe5 20. Rd3 Qe4 21. Bh5+ Kd7 22. Re3 Qd4 23. Qe1 Bf4 24. Re2 Bxd2 25. Rxd2 Qf6 26. Rad1 d4 27. Bf3 e5 28. Bxc6+ bxc6 29. Qe2 c5 30. Qc4 Rac8 31. Qd5+ Ke8 32. Re2 e4 33. Rf1 Rf8 34. Rxf5 Qxf5 35. Rxe4+ Qxe4 36. Qxe4+ Kd7 37. Qd5+ 1/2-1/2

[Event "SVK-ch op-B"]
[Site "Zvolen"]
[Date "2008.07.08"]
[Round "4"]
[White "Ivekovic, Bozidar"]
[Black "Kubik, Jaroslav"]
[Result "1-0"]
[WhiteElo "2091"]
[BlackElo "1976"]
[PlyCount "67"]
[EventDate "2008.07.06"]
[EventType "swiss"]
[EventRounds "9"]
[EventCountry "SVK"]
[SourceTitle "EXT 2009"]
[Source "ChessBase"]
[SourceDate "2008.11.26"]
[SourceVersion "1"]
[SourceVersionDate "2008.11.26"]
[SourceQuality "1"]

1. e4 d6 2. d4 Nf6 3. Bd3 g6 4. Ne2 Bg7 5. 0-0 0-0 6. f4 e5 7. c3 Bg4 8. h3 Bxe2 9. Qxe2 exd4 10. cxd4 Nh5 11. Qf2 Nc6 12. Be3 Nb4 13. Bc4 d5 14. a3 dxc4 15. axb4 Qe7 16. Nc3 f5 17. e5 Bh6 18. d5 b6 19. Kh2 Qxb4 20. Ra4 Qe7 21. Rxc4 a5 22. g3 Rad8 23. Rd1 Qd7 24. Qf3 Rfe8 25. g4 fxg4 26. hxg4 Nxf4 27. Bxf4 Rf8 28. Qg3 g5 29. Be3 b5 30. e6 Qe8 31. Rxc7 Rf6 32. Qe5 Bg7 33. Rxg7+ Kxg7 34. Bxg5 1-0

[Event "SVK-ch op-B"]
[Site "Zvolen"]
[Date "2008.07.07"]
[Round "2"]
[White "Medvec, Miroslav1111"]
[Black "Kubik, Jaroslav"]
[Result "0-1"]
[WhiteElo "1768"]
[BlackElo "1976"]
[PlyCount "72"]
[EventDate "2008.07.06"]
[EventType "swiss"]
[EventRounds "9"]
[EventCountry "SVK"]
[SourceTitle "EXT 2009"]
[Source "ChessBase"]
[SourceDate "2008.11.26"]
[SourceVersion "1"]
[SourceVersionDate "2008.11.26"]
[SourceQuality "1"]

1. e4 d6 2. d4 Nf6 3. Nc3 g6 4. Be3 Bg7 5. Qd2 c6 6. f3 b5 7. g4 Qa5 8. Bd3 b4 9. Nce2 Ba6 10. g5 Nh5 11. Ng3 Nxg3 12. hxg3 Bxd3 13. Qxd3 Nd7 14. f4 c5 15. Kf2 Rc8 16. Nf3 cxd4 17. Nxd4 Nc5 18. Qe2 Nxe4+ 19. Kf3 Qd5 20. Qb5+ Qxb5 21. Nxb5 d5 22. Bd4 Bxd4 23. Nxd4 Rc4 24. Rad1 e6 25. Rh2 Ke7 26. g4 e5 27. Nb3 Ke6 28. Re2 h5 29. Na5 hxg4+ 30. Kxg4 f5+ 31. gxf6 Nxf6+ 32. Kg3 Nh5+ 33. Kf2 Rxf4+ 34. Ke1 Ng3 35. Rg2 Rh1+ 36. Kd2 Rd4+ 0-1

[Event "Klatovy op-A"]
[Site "Klatovy"]
[Date "2001.??.??"]
[Round "?"]
[White "Cernik, Lukas"]
[Black "Kubik, Jaroslav"]
[Result "1-0"]
[WhiteElo "2085"]
[BlackElo "1900"]
[PlyCount "57"]
[EventDate "2001.07.??"]
[EventType "swiss"]
[EventRounds "9"]
[EventCountry "CZE"]
[SourceTitle "EXT 2006"]
[Source "ChessBase"]
[SourceDate "2005.11.24"]
[SourceVersion "1"]
[SourceVersionDate "2005.11.24"]
[SourceQuality "1"]

1. e4 d6 2. d4 Nf6 3. Nc3 g6 4. f4 Bg7 5. Nf3 0-0 6. e5 dxe5 7. dxe5 Qxd1+ 8. Nxd1 Nd5 9. Bc4 c6 10. Bd2 Bf5 11. Nd4 Be4 12. 0-0 Nb6 13. Be2 Rd8 14. Be3 Nd5 15. c3 Nxe3 16. Nxe3 c5 17. Nb5 Nc6 18. Rad1 a6 19. Nc7 Rac8 20. Rxd8+ Rxd8 21. Rd1 Rxd1+ 22. Bxd1 Bh6 23. Ned5 g5 24. Bb3 gxf4 25. e6 Bg6 26. Kf2 Kf8 27. Nb6 Ne5 28. Nd7+ Kg8 29. Nxe5 1-0

[Event "Klatovy op-A"]
[Site "Klatovy"]
[Date "2001.??.??"]
[Round "?"]
[White "Kubik, Jaroslav"]
[Black "Hacha, Ales"]
[Result "1/2-1/2"]
[WhiteElo "1900"]
[BlackElo "2230"]
[PlyCount "92"]
[EventDate "2001.07.??"]
[EventType "swiss"]
[EventRounds "9"]
[EventCountry "CZE"]
[SourceTitle "EXT 2006"]
[Source "ChessBase"]
[SourceDate "2005.11.24"]
[SourceVersion "1"]
[SourceVersionDate "2005.11.24"]
[SourceQuality "1"]

1. c4 Nf6 2. Nc3 g6 3. d4 Bg7 4. e4 d6 5. Nf3 0-0 6. h3 Nbd7 7. Be3 c6 8. Be2 e5 9. dxe5 dxe5 10. 0-0 Qc7 11. Qc2 Re8 12. Rfd1 Nh5 13. Nh2 Nf4 14. Bg4 Bf8 15. g3 Ne6 16. Bxe6 Rxe6 17. Rd2 Re8 18. Rad1 Nc5 19. Ng4 Bxg4 20. hxg4 a5 21. Kg2 Rad8 22. b3 Be7 23. Rxd8 Rxd8 24. Rxd8+ Qxd8 25. Qd1 Qxd1 26. Nxd1 Nxe4 27. f3 Nc5 28. Nc3 f6 29. Ne4 Nxe4 30. fxe4 Kf7 31. Bb6 Bb4 32. Kf3 Ke6 33. Be3 Be1 34. Bb6 Bc3 35. Be3 Bd4 36. Bd2 Bb6 37. Bc1 Bc5 38. Bd2 Bb4 39. Be3 Be1 40. Bc5 h5 41. gxh5 gxh5 42. g4 h4 43. Kg2 Kf7 44. Kh3 Kg6 45. Be3 b5 46. a4 bxc4 1/2-1/2

[Event "Klatovy op-A"]
[Site "Klatovy"]
[Date "2001.??.??"]
[Round "?"]
[White "Vodicka, Michal"]
[Black "Kubik, Jaroslav"]
[Result "1/2-1/2"]
[WhiteElo "1950"]
[BlackElo "1900"]
[PlyCount "26"]
[EventDate "2001.07.??"]
[EventType "swiss"]
[EventRounds "9"]
[EventCountry "CZE"]
[SourceTitle "EXT 2006"]
[Source "ChessBase"]
[SourceDate "2005.11.24"]
[SourceVersion "1"]
[SourceVersionDate "2005.11.24"]
[SourceQuality "1"]

1. e4 e5 2. Nf3 Nc6 3. d4 exd4 4. Nxd4 Bc5 5. Be3 Qf6 6. c3 d6 7. Bc4 Nge7 8. 0-0 Ne5 9. Be2 Qg6 10. Nd2 Bh3 11. Bf3 Nxf3+ 12. Qxf3 Bg4 13. Qg3 Bd7 1/2-1/2